000 00186 a2200097 4500
020 _a9780152017026
041 _aspa
100 _aLois Ehlert
245 _aUn lazo ala Luna
942 _cBK
999 _c13762
_d13762